Представление документа в формате MARC21

Поле Инд. ПП Название Значение
Тип записи a
Библиографический уровень b
001 Контрольный номер d97b461a95614481a7e28083d00cc699
005 Дата корректировки 20251121165800.1
008 Кодируемые данные 20140826
040 b Код языка каталог. rus
e Правила каталог. PSBO
041 0_ a Код языка текста rus
084 a Индекс другой классификации/Индекс ББК 74.100
100 1_ a Автор Вершинина Н. В.
q Полное имя Вешинина Наталья Викторовна
245 10 a Заглавие Формирование логических операций в контексте развития связной речи старших дошкольников
500 a Примечание Электронная версия статьи: https://doi.org/10.30853/pedagogy.2018-4.5
504 a Библиография Лит. в конце статьи
650 14 a Основная рубрика образование; дошкольное образование
653 1_ a Ключевые слова высказывания
a Ключевые слова дети
a Ключевые слова интеллектуальное развитие
a Ключевые слова качество речи
a Ключевые слова коммуникативные навыки
a Ключевые слова логические операции
a Ключевые слова логичность речи
a Ключевые слова методика обучения
a Ключевые слова подготовка к школе
a Ключевые слова развитие речи
a Ключевые слова речевая деятельность
a Ключевые слова Россия
a Ключевые слова система образования
a Ключевые слова социализация детей
a Ключевые слова старшие дошкольники
773 08 t Заглавие источника Педагогика. Вопросы теории и практики
d Дата издания источника 2018
g Прочая информация № 4. - С. 23 - 26
w Контрольный № источника DU/602701126
901 t Тип документа b